Normal view
MARC view
Entry Personal Name
001 - CONTROL NUMBER
- control field: 23945
003 - CONTROL NUMBER IDENTIFIER
- control field: ARRUPE
005 - DATE AND TIME OF LATEST TRANSACTION
- control field: 20160420123934.0
008 - FIXED-LENGTH DATA ELEMENTS
- fixed length control field: 160420|| aca||aabn | a|a d
040 ## - CATALOGING SOURCE
- Original cataloging agency: ARRUPE
- Transcribing agency: ARRUPE
100 ## - HEADING--PERSONAL NAME
- Personal name: Mensah, Raphael Boah
670 ## - SOURCE DATA FOUND
- Source citation: Work cat.: (ARRUPE): Mensah, Raphael Boah, A comparative study of impediments to marriage in the code of Canon Law (1983) and Akan traditional marriage law , 2007